000 00620nam a2200265Ia 4500
005 20260121172831.0
008 008 260114s9999 xx 000 0 eng d
020 _a9783030871482
037 _aEBOOK
040 _aCRL
040 _beng
040 _cCRL
041 _2eng
041 _aeng
084 _qCRL
100 _aMarco Valeri
_91093311
245 0 _aOrganizational Studies
260 _bSpringer
260 _bSpringer
260 _c2021
856 _uhttps://link.springer.com/openurl?genre=book&isbn=978-3-030-87148-2
942 _cEBOOK
999 _c1659053
_d1659053